| 000 | 00379nam a22001337a 4500 | ||
|---|---|---|---|
| 020 | _a9780091929572 | ||
| 040 | _cNUST | ||
| 082 | _a613.25 DEV | ||
| 100 |
_aDe Vany, Arthur _988405 |
||
| 245 | _aThe New Evolution Diet : The Smart Way To Lose Weight, Feel Great And Live Longer | ||
| 260 |
_aLondon: _bVermilion, _c2011. |
||
| 650 |
_aReducing diets. _988406 |
||
| 942 |
_2ddc _cBK |
||
| 999 |
_c587617 _d587617 |
||